书目信息 |
| 题名: |
中文版我形我速5大师课堂全记录
|
|
| 作者: | 陈祎磊 编著 | |
| 分册: | ||
| 出版信息: | 北京 中国宇航出版社 2006.04 |
|
| 页数: | 252页, [6] 页图版 | |
| 开本: | 26cm | |
| 丛书名: | 大师课堂全记录系列丛书 | |
| 单 册: | ||
| 中图分类: | TP391.41 | |
| 科图分类: | ||
| 主题词: | 图形软件--tu xing ruan jian--我形我速5 | |
| 电子资源: | ||
| ISBN: | 7-80218-085-6 | |
| 000 | 01113nam 2200277 450 | |
| 001 | 012006679103 | |
| 005 | 20061130091739.78 | |
| 010 | @a7-80218-085-6@dCNY25.80 (含光盘) | |
| 100 | @a20061029d2006 km y0chiy0120 ea | |
| 101 | 0 | @achi |
| 102 | @aCN@b110000 | |
| 105 | @aaf z 000yy | |
| 200 | 1 | @a中文版我形我速5大师课堂全记录@Azhong wen ban wo xing wo su 5 da shi ke tang quan ji lu@f陈祎磊等编著@Fchen yi lei deng bian zhu |
| 210 | @a北京@c中国宇航出版社@d2006.04 | |
| 215 | @a252页, [6] 页图版@c图@d26cm@e光盘2片 | |
| 225 | 2 | @a大师课堂全记录系列丛书@Ada shi ke tang quan ji lu xi lie cong shu |
| 307 | @a光盘 ISBN : 7-89993-300-5 | |
| 330 | @a本书通过百余个实用而简易的实例,以书和多媒体教学光盘相结合的形式,由浅入深、循序渐进地介绍了我形我速 5的基本功能、新增功能以及特色工具的使用。 | |
| 333 | @a高等院校学生。 | |
| 410 | 0 | @12001 @a大师课堂全记录系列丛书 |
| 517 | 1 | @a大师课堂全记录@Ada shi ke tang quan ji lu |
| 606 | 0 | @a图形软件@Atu xing ruan jian@x我形我速5 |
| 690 | @aTP391.41@v4 | |
| 701 | 0 | @a陈祎磊@Achen yi lei@4编著 |
| 801 | 0 | @aCN@c20061130 |
| 905 | @a10447@dTP391.41@eC623 | |
| 中文版我形我速5大师课堂全记录/陈祎磊等编著.-北京:中国宇航出版社,2006.04 |
| 252页, [6] 页图版:图;26cm+光盘2片.-(大师课堂全记录系列丛书) |
| 使用对象:高等院校学生。 |
| ISBN 7-80218-085-6:CNY25.80 (含光盘) |
| 本书通过百余个实用而简易的实例,以书和多媒体教学光盘相结合的形式,由浅入深、循序渐进地介绍了我形我速 5的基本功能、新增功能以及特色工具的使用。 |
| ● |
| 相关链接 |
|
|
|
正题名:中文版我形我速5大师课堂全记录
索取号:TP391.41/C623
 
预约/预借
| 序号 | 登录号 | 条形码 | 馆藏地/架位号 | 状态 | 备注 |
| 1 | 224620 | 202246202 | 自科库301/301自科库 65排7列2层/ [索取号:TP391.41/C623] | 在馆 | |
| 2 | 224621 | 202246211 | 自科二线404/404自科库 16排2列4层/ [索取号:TP391.41/C623] | 在馆 | |
| 3 | 224622 | 202246220 | 自科库301/301自科库 65排7列2层/ [索取号:TP391.41/C623] | 在馆 |